<?xml version="1.0" encoding="UTF-8"?><?xml-stylesheet type="text/xsl" href="static/style.xsl"?><OAI-PMH xmlns="http://www.openarchives.org/OAI/2.0/" xmlns:xsi="http://www.w3.org/2001/XMLSchema-instance" xsi:schemaLocation="http://www.openarchives.org/OAI/2.0/ http://www.openarchives.org/OAI/2.0/OAI-PMH.xsd"><responseDate>2026-04-17T06:02:56Z</responseDate><request verb="GetRecord" identifier="oai:www.recercat.cat:2072/421928" metadataPrefix="marc">https://recercat.cat/oai/request</request><GetRecord><record><header><identifier>oai:recercat.cat:2072/421928</identifier><datestamp>2025-12-11T20:47:36Z</datestamp><setSpec>com_2072_98</setSpec><setSpec>col_2072_378196</setSpec></header><metadata><record xmlns="http://www.loc.gov/MARC21/slim" xmlns:dcterms="http://purl.org/dc/terms/" xmlns:xsi="http://www.w3.org/2001/XMLSchema-instance" xmlns:doc="http://www.lyncode.com/xoai" xsi:schemaLocation="http://www.loc.gov/MARC21/slim http://www.loc.gov/standards/marcxml/schema/MARC21slim.xsd">
   <leader>00925njm 22002777a 4500</leader>
   <datafield ind2=" " ind1=" " tag="042">
      <subfield code="a">dc</subfield>
   </datafield>
   <datafield ind2=" " ind1=" " tag="720">
      <subfield code="a">Alonso Guivernau, Gemma</subfield>
      <subfield code="e">author</subfield>
   </datafield>
   <datafield ind2=" " ind1=" " tag="720">
      <subfield code="a">Universitat Autònoma de Barcelona. Escola Superior d'Arxivística i Gestió de Documents</subfield>
      <subfield code="e">author</subfield>
   </datafield>
   <datafield ind2=" " ind1=" " tag="260">
      <subfield code="c">2015</subfield>
   </datafield>
   <datafield ind2=" " ind1=" " tag="520">
      <subfield code="a">El treball pretén elaborar un estat de la qüestió sobre el fenomen de l'estiueig a Gelida entre les dècades de 1880 a 1940, des d'una vessant arxivística. Degut a l'amplitud del tema s'ha descartat la possibilitat de tractar tots els fons documentals conservats (textuals i no textuals) i m'he cenyit a l'estudi d'alguns fons documentals conservats a l'Arxiu Històric Municipal de Gelida i a part dels fons fotogràfics conservats, públics i privats. Al treball, a més, es plantegen propostes de conservació i difusió d'aquest patrimoni tenint en compte les últimes tendències en aquest àmbit. Paraules clau: Estiueig , Gelida, fotografia, documents.</subfield>
   </datafield>
   <datafield ind2=" " ind1=" " tag="520">
      <subfield code="a">El trabajo pretende elaborar un estado de la cuestión sobre el fenómeno del veraneo en Gelida entre las décadas de 1880 a 1940, desde una vertiente archivística. Debido a la amplitud del tema se ha descartado la posibilidad de tratar todos los fondos documentales conservados (textuales y no textuales) y me he ceñido al estudio de algunos fondos conservados en el Archivo Histórico Municipal de Gelida y a parte de los fondos fotográficos conservados, públicos y privados. En el trabajo, además, se plantean propuestas de conservación y difusión de este patrimonio teniendo en cuenta las últimas tendencias en este ámbito. Palabras clave: Veraneo, Gelida, fotografía, documentos.</subfield>
   </datafield>
   <datafield ind2=" " ind1=" " tag="520">
      <subfield code="a">The work aims to develop a state of the art on the phenomenon of the summer holiday Gelida between the 1880 to 1940, from an archival perspective. Due to the breadth of the subject has been ruled out treat all documentary preserved (textual and non-textual) and have adhered to the study of some documentary preserved in the Municipal Historical Archive of Gelida and part of the photographic collections preserved, public and private. Work also consider proposals for the preservation and dissemination of this heritage considering the latest trends in this field. Keywords: Summer holiday, Gelida, photography, documents.</subfield>
   </datafield>
   <datafield tag="653" ind2=" " ind1=" ">
      <subfield code="a">Estiueig Fotografies Gelida</subfield>
   </datafield>
   <datafield tag="653" ind2=" " ind1=" ">
      <subfield code="a">Arxiu Històric Municipal de Gelida</subfield>
   </datafield>
   <datafield tag="653" ind2=" " ind1=" ">
      <subfield code="a">Fotografies Conservació i restauració</subfield>
   </datafield>
   <datafield ind2="0" ind1="0" tag="245">
      <subfield code="a">L'estiueig a Gelida 1880-1940 : anàlisi dels fons documentals i fotogràfics</subfield>
   </datafield>
</record></metadata></record></GetRecord></OAI-PMH>